000 01735cam a22002774a 4500
001 515
005 20241105145255.0
020 _a9780764141713
020 _a0764141716
040 _aDLC
_cDLC
_dDLC
_beng
050 0 0 _aQA117
_b.P69 2009
082 0 0 _a513.2/6
_222
100 1 _aPowley, Linda.
245 1 0 _aAdventures in mathopolis :
_bparting is such sweet sorrow : fractions and decimals /
_cLinda Powley and Catherine Weiskopf.
260 _aHauppauge, N.Y. :
_bBarron's Educational Series,
_c2009.
300 _a216 pages :
_billustrations ;
_c20 cm.
505 _aU
520 _aIn this brand-new Adventures in Mathopolis story, the town's befuddled Mayor Lostis Marbles is having all kinds of trouble dealing with fractions and decimals--and with a new dilemma: how to get out of a locked safe before it's too late!. This time superheroes Silver Splitter and Dixie Dot come to the rescue, and readers who follow this fun-filled story will learn how to solve the many mysteries of fractions and decimals along the way. They discover easy ways to-- Understand proper, improper, and mixed numbers Find the least common multiple in fractions Add, subtract, multiply, and divide fractions Understand decimals Convert from decimals to fractions, and back again This amusing Mathopolis story is enhanced with clever black-and-white illustrations. Kids learn along with Mayor Lostis Marbles and his gang that working with fractions and decimals can be fun.
521 _a1000
_bLexile
521 _aU
_bRaz-Plus
650 0 _aFractions
_vJuvenile literature.
650 0 _aDecimal fractions
_vJuvenile literature.
700 1 _aWeiskopf, Catherine.
906 _a7
_bcbc
_corignew
_d1
_eecip
_f20
_gy-gencatlg
942 _2ddc
_cBK
_n0
999 _c515
_d515